000 00369nam a2200145Ia 4500
008 240729s9999 xx 000 0 und d
022 _a1423-0127
245 0 _aJournal of Biomedical Science
260 _aUnited Kingdom
260 _bBMC
650 _aMedicine
856 _uhttps://doaj.org/toc/b3d6912faef94320a0835e0c5374dbe8
942 _2ddc
942 _cDOAJEJ
999 _c66543
_d66543
945 _a1
_bMadushi Gamage
_c1
_dMadushi Gamage